[Event "Santander op"]
[Site "Santander"]
[Date "2011.12.22"]
[Round "9"]
[White "Caceres Barrera, Carlos Rodrigo"]
[Black "Herrera Perez, Martin Steven"]
[Result "0-1"]
[WhiteElo "1602"]
[BlackElo "1956"]
[PlyCount "60"]
[EventDate "2011.12.17"]
[EventType "swiss"]
[EventRounds "9"]
[EventCountry "COL"]
[SourceTitle "CBM 146 Extra"]
[Source "ChessBase"]
[SourceDate "2012.02.29"]
[SourceVersion "1"]
[SourceVersionDate "2012.02.29"]
[SourceQuality "1"]

1. d4 d5 2. c4 c6 3. Nc3 Nf6 4. Nf3 e6 5. Bg5 Be7 6. e3 Nbd7 7. Rc1 0-0 8. cxd5 exd5 9. Bd3 Re8 10. 0-0 Nf8 11. Ne2 Ne4 12. Bxe7 Qxe7 13. Ng3 Bg4 14. Re1 Nd7 15. Qc2 h6 16. Bxe4 dxe4 17. Nd2 Nf6 18. f3 exf3 19. gxf3 Bh5 20. e4 Bg6 21. Kf2 Nh5 22. Nxh5 Bxh5 23. Rg1 Qd6 24. Qc3 Rad8 25. d5 f6 26. Nc4 Qxh2+ 27. Ke3 cxd5 28. Qxf6 Rxe4+ 29. fxe4 d4+ 30. Kd3 Qe2# 0-1

[Event "Santander op"]
[Site "Santander"]
[Date "2011.12.17"]
[Round "1"]
[White "Caceres Barrera, Carlos Rodrigo"]
[Black "Morales Guerrero, Alfonso Javier"]
[Result "1-0"]
[WhiteElo "1602"]
[BlackElo "2091"]
[PlyCount "59"]
[EventDate "2011.12.17"]
[EventType "swiss"]
[EventRounds "9"]
[EventCountry "COL"]
[SourceTitle "CBM 146 Extra"]
[Source "ChessBase"]
[SourceDate "2012.02.29"]
[SourceVersion "1"]
[SourceVersionDate "2012.02.29"]
[SourceQuality "1"]

1. e4 c5 2. Nf3 e6 3. d4 cxd4 4. Nxd4 a6 5. Bd3 Qc7 6. Be3 Nf6 7. 0-0 b5 8. Nd2 Bb7 9. c4 bxc4 10. e5 cxd3 11. exf6 gxf6 12. Rc1 Nc6 13. f4 f5 14. Re1 Qa5 15. Nc4 Qxa2 16. Nxf5 Rb8 17. Nfd6+ Bxd6 18. Nxd6+ Ke7 19. Bc5 Qd5 20. Ne4+ Kd8 21. Rc3 Bc8 22. Rxd3 Qf5 23. Qd2 Rg8 24. Rd6 Rb5 25. Rxc6 Bb7 26. Bb6+ Rxb6 27. Rxb6 Bc8 28. Rb8 Kc7 29. Rxc8+ Rxc8 30. Rc1+ 1-0